U.S.A. - second - class power ? (Record no. 435505)

000 -LEADER
fixed length control field 00353cam a22001217a 4500
008 - FIXED-LENGTH DATA ELEMENTS--GENERAL INFORMATION
fixed length control field 180718b1958 xxu||||| |||| 00| 0 eng d
082 ## - DEWEY DECIMAL CLASSIFICATION NUMBER
Classification number N1x73 P317
100 ## - MAIN ENTRY--PERSONAL NAME
Personal name Pearson, Drew
245 ## - TITLE STATEMENT
Title U.S.A. - second - class power ?
Statement of responsibility, etc. by Drew Pearson and Jack Anderson
260 ## - PUBLICATION, DISTRIBUTION, ETC.
Place of publication, distribution, etc. New York
Name of publisher, distributor, etc. Simon and Schuster
Date of publication, distribution, etc. 1958
300 ## - PHYSICAL DESCRIPTION
Extent 334p.
700 ## - ADDED ENTRY--PERSONAL NAME
Personal name Anderson, Jack
Holdings
Withdrawn status Lost status Damaged status Not for loan Permanent Location Current Location Date acquired Full call number Barcode Date last seen Price effective from Koha item type
        Indian Institute of Public Administration Indian Institute of Public Administration 2010-02-25 N1x73 P317 17468 2018-07-21 2018-07-21 Book

Powered by Koha